Coupes du Monde de Football: Suède - Statistiques

Statistiques générales
  • Ce quiz a été pris 72 fois
  • Le résultat moyen est 24 sur 31
Statistiques - réponses
Réponse % Correct
Allemagne
97%
Brésil
97%
Espagne
97%
RFA
97%
Angleterre
95%
Italie
95%
Corée du Sud
93%
Mexique
93%
Suisse
93%
Argentine
91%
URSS
91%
Uruguay
88%
Russie
86%
Pays-Bas
84%
Pologne
84%
Yougoslavie
83%
Hongrie
81%
Ecosse
78%
Sénégal
72%
Bulgarie
71%
Cameroun
69%
Paraguay
69%
Roumanie
69%
Autriche
67%
Costa Rica
67%
Arabie Saoudite
66%
Pays de Galles
64%
Nigeria
60%
Cuba
48%
Trinité-et-Tobago
38%
Israël
31%
Aucun quiz correspondant
Distribution des résultats
% des personnes avec chaque résultat
Percentile par nombre de réponses
Votre historique - résultats
Vous n’avez pas pris ce quiz